Mathematical & statistical physics TYBSC (Record no. 826731)

MARC details
000 -LEADER
fixed length control field 00576nam a2200217Ia 4500
008 - FIXED-LENGTH DATA ELEMENTS--GENERAL INFORMATION
fixed length control field 101110s9999 xx 000 0 und d
041 ## - LANGUAGE CODE
Language code of text/sound track or separate title ENGLISH
082 ## - DEWEY DECIMAL CLASSIFICATION NUMBER
Item number SR34230
100 ## - MAIN ENTRY--PERSONAL NAME
Personal name Shroff Adarsh
245 ## - TITLE STATEMENT
Title Mathematical & statistical physics TYBSC
260 ## - PUBLICATION, DISTRIBUTION, ETC. (IMPRINT)
Date of publication, distribution, etc 2010
Name of publisher, distributor, etc Sheth pub pvt ltd, Mumbai
300 ## - PHYSICAL DESCRIPTION
Extent 192
365 ## - TRADE PRICE
Price amount 100
520 ## - SUMMARY, ETC.
Summary, etc Mathematics
546 ## - LANGUAGE NOTE
Language note ENGLISH
630 ## - SUBJECT ADDED ENTRY--UNIFORM TITLE
Uniform title Mathematical & statistical physics TYBSC
650 ## - SUBJECT ADDED ENTRY--TOPICAL TERM
Topical term or geographic name as entry element Mathematics
655 ## - INDEX TERM--GENRE/FORM
Genre/form data or focus term Mathematics
730 ## - ADDED ENTRY--UNIFORM TITLE
Uniform title Mathematical & statistical physics TYBSC
942 ## - ADDED ENTRY ELEMENTS (KOHA)
Koha item type Book
Holdings
Withdrawn status Lost status Damaged status Not for loan Home library Current library Date acquired Source of acquisition Cost, normal purchase price Shelving control number Total Checkouts Barcode Date last seen Price effective from Koha item type
        D. B. J. College, Chiplun D. B. J. College, Chiplun   Pratham Book and Stationery, Mumbai, Bill no. 158, dt. 24/6/10 100.00     DBJSR34230 11/11/2010 11/11/2010 Book